000 00688nmm a2200205Ia 4500
008 251105s9999||||xx |||||||||||||||||und||
020 _a9788437091044
041 _aspa
100 _aFelipo Orts, Amparo
245 0 _aEstudiantes y probanzas de cursos en la Universidad de Valencia (1561-1707)
264 _a[Madrid, España] :
_bPublicaciones de la Universidad de Valencia (PUV),
_c2013
300 _a580 páginas
490 _aCinc segles
650 _aHistory of Europe: Spain
700 _aFelipo Orts, Amparo
700 1 _a Miralles Vives, Francisca
700 1 _a Peris Felipo, Francisco Javier
856 _uhttps://public.digitaliapublishing.com/a/35119
942 _cCF
999 _c65304
_d65304